000 00275nam a22001217a 4500
008 181024b xxu||||| |||| 00| 0 eng d
041 _aeng
080 _a820
100 _a21
101 _aGJL
245 _aEveryone's An Author With Readings
_cLunsford,A
942 _2udc
_cBK
999 _c50814
_d50814